Statystyki dla Państwa, w których Euro jest walutą

Kliknij tutaj aby rozwiązać quiz!

Ogólne statystyki

  • Ten quiz został rozwiązany 116 razy
  • Średni wynik to 16 z 19

Statystyki odpowiedzi

Odpowiedź% Poprawnych
Niemcy
97%
Francja
95%
Hiszpania
95%
Włochy
93%
Portugalia
91%
Słowacja
90%
Belgia
89%
Holandia
88%
Austria
87%
Grecja
86%
Estonia
83%
Łotwa
83%
Luksemburg
83%
Litwa
82%
Finlandia
78%
Irlandia
78%
Słowenia
76%
Malta
62%
Cypr
56%

Rozkład punktacji

Percentyl według liczby udzielonych odpowiedzi

Procent ludzi z każdym wynikiem

Twoja historia wyników

Nie rozwiązałeś tego quizu